Qué es el alma?: mi misterio, mi fortaleza

Guardat en:
Dades bibliogràfiques
Autors principals: Grün, Anselm (Autor), Müller, Wunibald (Autor)
Format: Llibre
Idioma:espanyol
Publicat: Pamplona Verbo Divino 2009
Edició:1a. ed
Matèries:
Etiquetes: Afegir etiqueta
Sense etiquetes, Sigues el primer a etiquetar aquest registre!

MARC

LEADER 00000cam a2200000 a 4500
001 UCE6577
003 CL-VaPUC
008 150423e20090000sp |||||||||||||||||spa|d
020 |a 9788481699999 
082 0 4 |a 128.1  |b GRU  |2 21 
100 |a Grün, Anselm  |e author  |9 585290 
700 0 |a Müller, Wunibald  |e author  |9 579230 
245 1 0 |a Qué es el alma?: mi misterio, mi fortaleza 
250 |a 1a. ed 
300 |a 235 p 
942 |c BK 
945 |d 20150423 11:40:00  |a arojas 
260 |a Pamplona  |b Verbo Divino  |c 2009 
650 0 |a Alma   |9 259008 
650 7 |a HOMBRE  |2 CL-VaPUC  |9 262149 
650 0 |a Teología   |9 258766 
583 |a last modification  |c 20150423 11:40:00  |k Rodrigo Vera 
999 |c 358873  |d 358871 
952 |0 0  |1 0  |3 erd  |4 0  |6 128_100000000000000_GRU_2009  |7 0  |8 A  |9 467815  |a BIBEDU  |b BIBEDU  |e Villagrán Garnham, Jorge  |i 5170885  |l 2  |o 128.1 GRU 2009  |p 5170885  |r 2023-10-04  |s 2023-09-27  |w 2019-11-23  |y BK  |z Catalogado en:20150423  |k FIL